000 00675nam a22002177a 4500
003 UA-OsUOA
001 87004
007 ta
008 20120913b un ||||| |||| 00| 0 ukr d
090 _a82-94
_bН48
942 _cBK
040 _aUA-OsUOA
_brus
_cUA-OsUOA
_dUA-OsUOA
245 _aНекрасов Н. А. в воспоминаниях современников
_cПод общ. ред. Григоренко В.
300 _a597 с.
955 _a1
041 _arus
080 _a82-94
260 _aМ.
_bХудожественная литература
_c1971
650 7 _a82 Література. Літературознавство
_2UDC
999 _c373221
_d373221